01647nam a2200373 a 4500001001000000003000500010005001700015008004100032010001100073011001100084040000900095090001000104100004400114245016700158260004100325500006000366502013600426590004100562590004100603590003900644590003900683590003900722650003200761650003600793650003200829650002500861856007000886901000700956942001000963942000600973999001900979952013500998952014001133000108722CHAP20220329144022.0140306s2012 mx a |sm |||||||spa|d a105184 a106156 cCHAP aTesis1 aMartínez Díaz, Paola Lizbeth97199210aDiseño de una planta embotelladora de agua purificada y formulación de bebidas endulzadas con edulcorantesh[En línea]cpor Paola Lizbeth Martínez Díaz. aChapingo, Méx. :bEl autor,c2012. aPara ver el contenido del material haga clic en la liga aTesis (M.C. en Ingeniería Agrícola y Uso Integral del Agua) -- UACH. Posgrado en Ingeiería Agrícola y Uso Integral del Agua aBATCH-UPDb05c20140324lUCH01h1536 aBATCH-UPDb05c20141002lUCH01h0857 aE792CSJb05c20140306lUCH01h1009 aE792CSJb05c20140306lUCH01h1009 aE792CSJb05c20140306lUCH01h101214aAguaxPurificación.9239714aBebidasxElaboración.912570014aDiseño industrial.93273214aEdulcorantes.935703 aFinding aiduhttp://10.13.5.2/tesis/sist108722.pdfzTeclea aquí aBK cTESIS n0 c105184d105184 00102local4051708TESISaBCbBCcPA_TESISd2014-03-06fTESISl0oTesisp33724002356603r2019-12-31 00:00:00w2014-03-06yTESIS 00102local4053708TESISaBCbBCcPA_TESISd2014-03-06fTESISl0oTesisp33724002356644r2019-12-31 00:00:00tc.2w2019-12-31yTESIS